LEADER 02799nam 2200625Ia 450 001 9910965949603321 005 20200520144314.0 010 $a9780817910761 010 $a081791076X 035 $a(CKB)2670000000276530 035 $a(EBL)1370664 035 $a(SSID)ssj0000757043 035 $a(PQKBManifestationID)11437591 035 $a(PQKBTitleCode)TC0000757043 035 $a(PQKBWorkID)10753441 035 $a(PQKB)10797877 035 $a(MiAaPQ)EBC3301838 035 $a(Au-PeEL)EBL3301838 035 $a(CaPaEBR)ebr10622891 035 $a(CaONFJC)MIL551668 035 $a(OCoLC)876507535 035 $a(Perlego)970527 035 $a(EXLCZ)992670000000276530 100 $a20100903d2010 uy 0 101 0 $aeng 135 $aur|n|---||||| 181 $ctxt 182 $cc 183 $acr 200 10$aSyria through jihadist eyes $ea perfect enemy /$fNibras Kazimi 205 $a1st ed. 210 $aStanford, Calif. $cHoover Institution Press$dc2010 215 $a1 online resource (140 p.) 225 1 $aHoover Institution Press publication ;$vno. 586 300 $a"Herbert & Jane Dwight Working Group on Islamism and the International Order"--t.p. 311 08$a9780817910754 311 08$a0817910751 320 $aIncludes bibliographical references and index. 327 $aFront Cover; Book Title; Copyright; Contents; Foreword; Introduction; A Note on the Terms ''Nusayri-'Alawite'' and''Bilad al-sham''; The Legacy of Textual Incitements to Jihad; From Threat to Nuisance; Back to Being a Threat; A Global Call for Arms; Expressions of Sectarianism; Implications for Policy; Notes; About the Author; About the Hoover Institution's Herbert and JaneDwight Working Group on Islamism and theInternational Order; Index 330 $aWith field notes accumulated in a Syrian environment not generally hospitable to research and inquiry, Nibras Kazimi provides a unique view of the Syrian regime and its base at home, filling a void in our understanding of the intelligence barons and soldiers who run that country. He offers a look at the tactical, propagandists and strategic ingredients required, in jihadist eyes, for a successful jihad?and whether those ingredients are available in Syria. 410 0$aHoover Institution Press publication ;$v586. 606 $aTerrorism$zSyria 606 $aTerrorism$zSyria$xPrevention 615 0$aTerrorism 615 0$aTerrorism$xPrevention. 676 $a364 700 $aKazimi$b Nibras$01812024 712 02$aHerbert and Jane Dwight Working Group on Islamism and the International Order. 801 0$bMiAaPQ 801 1$bMiAaPQ 801 2$bMiAaPQ 906 $aBOOK 912 $a9910965949603321 996 $aSyria through jihadist eyes$94364260 997 $aUNINA LEADER 07295nam 2200697Ia 450 001 9910511508903321 005 20200520144314.0 010 $a9786612195860 010 $a9781282195868 010 $a1282195867 010 $a9783110203240 010 $a3110203243 024 7 $a10.1515/9783110151541.2 035 $a(CKB)1000000000697863 035 $a(EBL)453757 035 $a(OCoLC)609843688 035 $a(SSID)ssj0000348123 035 $a(PQKBManifestationID)11256419 035 $a(PQKBTitleCode)TC0000348123 035 $a(PQKBWorkID)10335611 035 $a(PQKB)11574581 035 $a(MiAaPQ)EBC453757 035 $a(WaSeSS)Ind00010400 035 $a(DE-599)GBV575642424 035 $a(DE-B1597)33553 035 $a(OCoLC)992472265 035 $a(DE-B1597)9783110203240 035 $a(Perlego)1156442 035 $a(EXLCZ)991000000000697863 100 $a19960503d1997 uy 0 101 0 $ager 135 $aur|n|---||||| 181 $ctxt 182 $cc 183 $acr 200 00$aKontaktlinguistik$b[electronic resource] $eein internationales Handbuch zeitgenossischer Forschung$h2. Halbband /$fherausgegeben von Hans Goebl ... [et al.] = Contact linguistics : an international handbook of contemporary research.Volume 2 / edited by Hans Goebl ... [et al.] = Linguistique de contact : manuel international des recherches contemporaines.Tome 2 / edite par Hans Goebl ... [et al.] 210 $aBerlin ;$aNew York $cWalter de Gruyter$d1997 215 $a1 online resource (1260 p.) 225 1 $aHandbucher zur Sprach- und Kommunikationswissenschaft ;$vBd. 12.2 =$aHandbooks of linguistics and communication science =$aManuels de linguistique et des sciences de communication 311 08$a9783110151541 311 08$a3110151545 320 $aIncludes bibliographical references and indexes. 327 $tKontaktlinguistik -- $tFrontmatter -- $tInhalt -- $tSprachkontakte in Nordeuropa -- $tNorway -- $tNynorsk?Bokmål -- $tNorwegian?Sami -- $tNorwegisch?Finnisch -- $tSweden -- $tSchwedisch?Samisch -- $tSwedish?Finnish -- $tFinland -- $tFinnish?Swedish -- $tFinnish?Saami -- $tDenmark -- $tDänisch?Deutsch -- $tFaroese?Danish -- $tGreenlandic?Danish -- $tIceland -- $tSprachkontakte in Nordwesteuropa -- $tGreat Britain -- $tEnglish?Welsh -- $tEnglisch?Gälisch -- $tIreland -- $tSprachkontakte in Westeuropa -- $tBelgique -- $tNiederländisch?Französisch -- $tFranzösisch?Deutsch -- $tNiederländisch?Deutsch -- $tNetherlands -- $tDutch?West Frisian -- $tLuxemburg -- $tFrance -- $tFrançais?occitan -- $tFrançais?catalan -- $tFrançais?corse -- $tCorse?italien -- $tFrançais?allemand -- $tFrançais?néerlandais -- $tFrançais?breton -- $tFrançais ? basque -- $tSprachkontakte in Südwesteuropa -- $tSpanien -- $tEspagnol?galicien -- $tEspagnol?catalan -- $tEspagnol?basque -- $tPortugal -- $tSprachkontakte in Südeuropa -- $tItalien -- $tItalien?français (francoprovençal) -- $tItalien?frioulan -- $tItalien?occitan -- $tItalienisch?Deutsch -- $tItalien?slovène -- $tItalienisch?Kroatisch -- $tItalien?grec -- $tItalienisch?Albanisch -- $tSardaigne -- $tLadinien -- $tMalta -- $tSprachkontakte in Südosteuropa -- $tJugoslawien -- $tSlovenia -- $tCroatia -- $tBosnie-Herzégovine -- $tMacedonia -- $tAlbanie -- $tRumänien -- $tRumänisch?Deutsch -- $tRumänisch?Ungarisch -- $tBulgaria -- $tAnnex: Die ?mazedonische Frage? in der Sprachwissenschaft -- $tBulgarian?Macedonian -- $tBulgarisch?Türkisch -- $tBulgare?grec -- $tGriechenland -- $tGriechisch?Türkisch -- $tGriechisch?Aromunisch -- $tGreek?Albanian -- $tGrec?macédonien -- $tGriechisch?Bulgarisch -- $tEuropean Turkey -- $tTurc?grec -- $tTurkish?Judaeo-Spanish -- $tTürkisch?Armenisch -- $tCyprus -- $tSprachkontakte in Mitteleuropa -- $tPoland -- $tPolnisch?Deutsch -- $tPolish?Kashubian -- $tPolish?Byelorussian -- $tPolnisch?Litauisch -- $tPolish?Ukrainian -- $tPolish?Slovak -- $tPolnisch?Tschechisch -- $tTschechien -- $tCzech?Slovak -- $tTschechisch?Deutsch -- $tTschechisch?Polnisch -- $tSlowakei -- $tSlowakisch?Ungarisch -- $tSlowakisch?Deutsch -- $tSlowakisch?Polnisch -- $tSlowakisch?Ukrainisch -- $tSlowakisch?Tschechisch -- $tHungary -- $tUngarisch?Deutsch -- $tUngarisch?Serbokroatisch -- $tUngarisch?Slowenisch -- $tUngarisch?Slowakisch -- $tHungarian?Romanian -- $tDeutschland -- $tDeutsch?Dänisch -- $tDeutsch?Nordfriesisch -- $tDänisch?Nordfriesisch -- $tDeutsch?Ostfriesisch -- $tDeutsch?Sorbisch -- $tÖsterreich -- $tDeutsch?Slowenisch -- $tDeutsch?Kroatisch -- $tDeutsch?Ungarisch -- $tSchweiz -- $tDeutsche Schweiz -- $tSuisse romande -- $tSuisse italienne -- $tRätoromanische Schweiz -- $tSprachkontakte in den westlichen GUS-Staaten und im Baltikum -- $tDie westlichen GUS-Staaten -- $tEstonia -- $tLatvia -- $tLithuania -- $tByelorussia -- $tUkraine -- $tMoldawien -- $tSprachkontakte des Jiddischen und Romani -- $tJiddisch -- $tRomani -- $tSprachenkarten -- $tEinleitende Bemerkungen -- $tPreliminaries -- $tSprachenkarte von Nordeuropa (Skandinavien und Island) -- $tSprachenkarte von Großbritannien und Irland -- $tLanguage Map of the Benelux (Belgium, Netherlands, Luxemburg) -- $tSprachenkarte von Frankreich -- $tSprachenkarte von Spanien und Portugal -- $tSprachenkarte von Italien und Malta -- $tSprachenkarte von Slowenien, Kroatien, Bosnien-Herzegowina, Jugoslawien (Serbien und Montenegro), Makedonien und Albanien -- $tSprachenkarte von Rumänien und Bulgarien -- $tSprachenkarte von Griechenland, Zypern und der europäischen Türkei -- $tSprachenkarte von Polen -- $tSprachenkarte Tschechiens und der Slowakei -- $tSprachenkarte von Ungarn -- $tSprachenkarte von Deutschland -- $tSprachenkarte von Österreich -- $tSprachenkarte der Schweiz -- $tSprachenkarte von Weißrußland, der Ukraine, dem westlichen Teil des europäischen Rußland und der baltischen Staaten (Litauen, Lettland, Estland) -- $tRegister -- $tAutorenregister -- $tSachregister 330 $aThis series of HANDBOOKS OF LINGUISTICS AND COMMUNICATION SCIENCE is designed to illuminate a field which not only includes general linguistics and the study of linguistics as applied to specific languages, but also covers those more recent areas which have developed from the increasing body of research into the manifold forms of communicative action and interaction.For ""classic"" linguistics there appears to be a need for a review of the state of the art which will provide a reference base for the rapid advances in research undertaken from a variety of theoretical standpoints, while in the m 410 0$aHandbucher zur Sprach- und Kommunikationswissenschaft ;$vBd. 12.1-2. 517 3 $aContact linguistics. 517 3 $aLinguistique de contact. 606 $aLanguages in contact$vHandbooks, manuals, etc 606 $aLinguistics 615 0$aLanguages in contact 615 0$aLinguistics. 676 $a262/.1209409021 676 $a410 701 $aGoebl$b Hans$0183004 801 0$bMiAaPQ 801 1$bMiAaPQ 801 2$bMiAaPQ 906 $aBOOK 912 $a9910511508903321 996 $aKontaktlinguistik$92476347 997 $aUNINA